Odeva časopis zamestnancov Odeva, národný podnik
| Corporate Authors: | , |
|---|---|
| Other Authors: | , |
| Format: | Journal |
| Language: | Slovak |
| PhysicalDescription: | zv. 31 cm |
| Published: |
Trenčín
ZS ROH, Sväz zamestnancov v distribúcii, n. p. Odeva
1951- 1951
Trenčín ZS ROH n. p. Odeva Trenčín |
| Subjects: |
MARC
| LEADER | 00000cas a2200000 a 4500 | ||
|---|---|---|---|
| 001 | vtls010301840 | ||
| 003 | SK-MaSNL | ||
| 005 | 20260228161639.0 | ||
| 008 | 110810d19511951xo sr p r 0 b0slo | ||
| 015 | |a SNBDS17XX9999 | ||
| 015 | |a 1001 |2 Balúnová 1945-60 | ||
| 038 | |a SNKBUDS | ||
| 040 | |a SNK |b slo |c SNK |e AACR2 | ||
| 041 | 0 | |a slo | |
| 044 | |a xo |c SK | ||
| 072 | 7 | |a 687 |x Odevný priemysel. Kozmetika. Kaderníctvo. Starostlivosť o vzhľad |2 konspekt | |
| 080 | |a 687 |2 2001 | ||
| 080 | |a 070.489 |2 2001 | ||
| 080 | |a 050 |2 2001 | ||
| 245 | 0 | 0 | |a Odeva |b časopis zamestnancov Odeva, národný podnik |
| 260 | |a Trenčín |b ZS ROH, Sväz zamestnancov v distribúcii, n. p. Odeva |c 1951- 1951 | ||
| 260 | 2 | |3 6/1951-7/1951 |a Trenčín |b ZS ROH n. p. Odeva | |
| 260 | 3 | |3 8/1951-15/1951 |a Trenčín |b ZS ROH, Sväz zamestnancov v distribúcii, n. p. Odeva | |
| 300 | |a zv. |c 31 cm | ||
| 310 | |a 2x mesačne | ||
| 362 | 0 | |a Roč. I, č. 1 (jan. 1951)-roč. I, č. 14-15 (15.9.1951) | |
| 500 | |a V tiráži: Dvojtýždenník zamestnancov Odeva, n. p. | ||
| 500 | |a Hlav. red.: Hedviga Takáčová ; zodp. zást. František Brešťak | ||
| 500 | |a Tlač. Západoslov. tlačiarne, n. p. (Trnovský) prev. Nové Mesto nad Váhom, od 10/I (15. júna 1951) Západoslov. tlačiarne, n. p., záv. v Trenčíne | ||
| 500 | |a Čas. vych. väčšinou v dvojčíslach. Pov. č. 13512/50-II/3 zo dňa 28. júla 1950. Posl. známe dvojč. 14-15/I (15. sept. 1951) | ||
| 610 | 2 | 7 | |a Odeva (Trenčín, Slovensko) |2 SNKPH |9 269159 |
| 650 | 0 | 7 | |a odevný priemysel |2 SNKPH |9 71274 |
| 655 | 7 | |a podnikové časopisy |2 SNKPH |9 265225 | |
| 700 | 1 | |a Takáčová, Hedviga |4 pbd |9 269160 | |
| 700 | 1 | |a Brešťak, František |4 pbd |9 269161 | |
| 710 | 2 | |a Odeva (Trenčín, Slovensko) |4 pbl |9 269159 | |
| 710 | 2 | |a Západoslovenské tlačiarne (Bratislava, Slovensko) |b prevádzka Nové Mesto nad Váhom |4 prt |9 269162 | |
| 710 | 2 | |a Západoslovenské tlačiarne, n.p. (Bratislava, Slovensko) |b závod Trenčín |4 prt |9 269163 | |
| 852 | |a SNK |b 10000 |h ČSB 1773 | ||
| 852 | |a SVKKK |b 900000 |h C 2960 | ||
| 910 | |a snk | ||
| 999 | |c 5855 |d 7785 | ||
| 952 | |0 0 |1 0 |4 0 |7 1 |8 5 |a SNK |b SNK |d 2003-02-10 |l 0 |o snkČSB 1773/1/1951 |p 17A0373526 |r 2005-01-02 00:00:00 |t č. 1-18, neúplné |w 2026-02-21 |y NEVYP |z Chýba č. 16-18 | ||
| 952 | |0 0 |1 0 |4 0 |7 1 |a SNK |b SNK |d 2016-10-11 |i snkF 2684/73 |l 0 |o snkČSB 1773/1/1951 D1 |p 17A1203148 |r 2026-02-21 22:10:10 |t č. 1-18, neúplné |w 2026-02-21 |y NEVYP |z Chýba č. 2-5, 16-18 | ||


